GLOSARI hadith : Bahasa Arab - huraian - Bahasa Melayu

Bibliographic Details
Format: Book
Published: Kuala Lumpur : DBP , 1994
Subjects:

MARC

LEADER 00000cam a2200000 7i4500
001 0000000812
005 20001011.0
020 0 0 |a 9836244190 
090 0 0 |a MR297.12403   |b GLO 1994 
245 0 0 |a GLOSARI hadith :   |b Bahasa Arab - huraian - Bahasa Melayu 
260 0 0 |a Kuala Lumpur :   |b DBP ,   |c 1994 
300 |a xvii, 65 p. ;   |c 14 x 22 cm. 
650 0 0 |a Hadith   |x Dictionaries 
650 0 0 |a Hadith   |x Dictionaries   |x Arabic 
650 0 0 |a Hadith   |x Dictionaries   |x Malay 
650 0 0 |a Malay language   |x Dictionaries   |x Arabic 
999 |a 0000000324   |b Monograph   |c Reference   |e Default branch